Normal view
MARC view
- Supervisor Major Bilal Ahmed
Entry Personal Name
001 - CONTROL NUMBER
- control field: 124648
003 - CONTROL NUMBER IDENTIFIER
- control field: NUST
005 - DATE AND TIME OF LATEST TRANSACTION
- control field: 20240720121713.0
008 - FIXED-LENGTH DATA ELEMENTS
- fixed length control field: 240720|| aca||aabn | a|a d
040 ## - CATALOGING SOURCE
- Original cataloging agency: NUST
- Transcribing agency: NUST
100 ## - HEADING--PERSONAL NAME
- Personal name: Supervisor Major Bilal Ahmed
670 ## - SOURCE DATA FOUND
- Source citation: Work cat.: (NUST): Mehmood, Muhammad Bilal 124647, QR SHIELD /, 2024
